00256pam a2200109 a 4500020000500000041000500005082001300010100002100023245006700044260001900111300001600130 c h a750bHOS aRanjit Hoskote . aSudhir Patwardhan The Complicit Observer hTextual Documents a[s.l]:b[s.n]. a205:bHard.